The best of Japan
Gespeichert in:
| Format: | Buch |
|---|---|
| Sprache: | Undetermined |
| Veröffentlicht: |
Tokyo
Kodansha
1987
|
| Schlagworte: | |
| Tags: |
Tag hinzufügen
Keine Tags, Fügen Sie den ersten Tag hinzu!
|
| Thư viện lưu trữ: | Trung tâm Học liệu Trường Đại học Cần Thơ |
|---|
| LEADER | 00452nam a2200181Ia 4500 | ||
|---|---|---|---|
| 001 | CTU_88620 | ||
| 008 | 210402s9999 xx 000 0 und d | ||
| 082 | |a 338.4 | ||
| 082 | |b B561 | ||
| 245 | 4 | |a The best of Japan | |
| 260 | |a Tokyo | ||
| 260 | |b Kodansha | ||
| 260 | |c 1987 | ||
| 650 | |a New products,Design | ||
| 650 | |x Awards,Awards | ||
| 650 | |z Japan,Japan | ||
| 904 | |i M.Loan,Hải | ||
| 980 | |a Trung tâm Học liệu Trường Đại học Cần Thơ | ||